000 00805nas a2200277 4500
001 BR2014002112
003 BR-BrBNA
005 20231205123846.0
007 ta
008 230509b bl.|||p| |||| 00| 00por d
040 _aBR-BrBNA
_bpor
_cBiblioteca Nacional de Agricultura
041 _a(Pt)
072 _aE70; Q02
100 1 _aMengatto, T.P.
100 1 _aPicinin, L.C.A.
100 1 _aMalinski, P.R.
245 1 _aRotulagem e temperatura de frango no varejo
650 _aROTULAGEM
650 _aTEMPERATURA
650 _aPRESERVAÇÃO DE ALIMENTO
650 _aCARNE TRATADA
650 _aPESQUISA
773 0 _tRevista Nacional da Carne (Brazil)
_xISSN 1413-4837
_g(Oct 2008), v. 32(380) p. 88-101
_wBR2014002112
909 _a202311
_bLúcia
_c55
_dLúcia Elande
942 _2AGRIS
_n0
_cANA
999 _c236060
_d236060